Vander's human physiology : (Record no. 4101)
[ view plain ]
| 000 -LEADER | |
|---|---|
| fixed length control field | 00734cam a22002292 4500 |
| 001 - CONTROL NUMBER | |
| control field | 0000020353 |
| 005 - DATE AND TIME OF LATEST TRANSACTION | |
| control field | 20151217145924.0 |
| 008 - FIXED-LENGTH DATA ELEMENTS--GENERAL INFORMATION | |
| fixed length control field | 110913s xx 000 0 eng d |
| 020 ## - INTERNATIONAL STANDARD BOOK NUMBER | |
| International Standard Book Number | 0072827416 |
| 040 ## - CATALOGING SOURCE | |
| Original cataloging agency | KABU |
| Transcribing agency | KABU |
| 100 1# - MAIN ENTRY--PERSONAL NAME | |
| Personal name | Widmaier, Eric P. |
| -- | 0000181437 |
| 245 10 - TITLE STATEMENT | |
| Title | Vander's human physiology : |
| Remainder of title | the mechanisms of body function / |
| Statement of responsibility, etc. | Eric P. Widmaier, Hershel Raff, Kevin T. Strang. |
| 250 ## - EDITION STATEMENT | |
| Edition statement | 10th ed. |
| 260 ## - PUBLICATION, DISTRIBUTION, ETC. (IMPRINT) | |
| Place of publication, distribution, etc. | Boston : |
| Name of publisher, distributor, etc. | McGraw-Hill, |
| Date of publication, distribution, etc. | 2006. |
| 300 ## - PHYSICAL DESCRIPTION | |
| Extent | xxxi, 827 p. |
| 650 #0 - SUBJECT ADDED ENTRY--TOPICAL TERM | |
| Topical term or geographic name as entry element | Human physiology. |
| -- | 0000155597 |
| 700 1# - ADDED ENTRY--PERSONAL NAME | |
| Personal name | Raff, Hershel. |
| -- | 0000181438 |
| 700 1# - ADDED ENTRY--PERSONAL NAME | |
| Personal name | Strang, Kevin T. |
| -- | 0000181439 |
| 852 1# - LOCATION | |
| -- | p2350 KES |
| 908 ## - PUT COMMAND PARAMETER (RLIN) | |
| Put command parameter | 110913 |
| 950 ## - LOCAL HOLDINGS (RLIN) | |
| -- | 1 |
| Withdrawn status | Lost status | Source of classification or shelving scheme | Damaged status | Not for loan | Home library | Current library | Date acquired | Total Checkouts | Full call number | Barcode | Date last seen | Date last checked out | Price effective from | Koha item type | Public note | Total Renewals |
|---|---|---|---|---|---|---|---|---|---|---|---|---|---|---|---|---|
| Lost and Paid For | Library of Congress Classification | Kabarak, Main Campus | Kabarak, Main Campus | 17/12/2015 | 1 | QP34.5 .S54 2007 c. 1 | 21420 | 26/10/2018 | 27/01/2016 | 17/12/2015 | General Collection | lost and paid for | ||||
| Library of Congress Classification | Kabarak, Main Campus | Kabarak, Main Campus | 17/12/2015 | 47 | QP34.5 .W53 2006 c.1 | 19525 | 19/06/2025 | 05/06/2025 | 17/12/2015 | General Collection | 3 |